000 00555nam a2200229Ia 4500
003 OSt
005 20221005120523.0
006 a|||||r|||| 00| 0
007 ta
008 221004b |||||||| |||| 00| 0 eng d
024 _a70577
037 _cTextual
040 _aCRL
_cCRL
_beng
041 _2eng
_aeng
082 _aY1:3, G6
100 _aMazumdar B.C.
_9247183
245 0 _aElements of social anthropology
260 _c1936
650 _aSOCIOLOGY
942 _hY1:3, G6
_cTEXL
_2cc
999 _c1038338
_d1038338